El retrato de Cervantes : (Record no. 119302)
[ view plain ]
| 000 -LEADER | |
|---|---|
| campo de control de longitud fija | 01189nam a2200277 i 4500 |
| 001 - NÚMERO DE CONTROL | |
| campo de control | 119302 |
| 003 - IDENTIFICADOR DE NÚMERO DE CONTROL | |
| campo de control | ES-MaACL |
| 005 - FECHA Y HORA DE LA ÚLTIMA TRANSACCIÓN | |
| campo de control | 20250916194336.0 |
| 007 - CAMPO FIJO DE DESCRIPCIÓN FÍSICA--INFORMACIÓN GENERAL | |
| campo de control de longitud fija | t| |
| 008 - DATOS DE LONGITUD FIJA--INFORMACIÓN GENERAL | |
| campo de control de longitud fija | 070214s1912 sp r ||||1| spa d |
| 080 ## - NÚMERO DE LA CLASIFICACIÓN DECIMAL UNIVERSAL | |
| Número de la Clasificación Decimal Universal | 75 Jáuregui, Juan de |
| 080 ## - NÚMERO DE LA CLASIFICACIÓN DECIMAL UNIVERSAL | |
| Número de la Clasificación Decimal Universal | 929 Cervantes Saavedra, Miguel de (0:75) |
| 100 1# - ENTRADA PRINCIPAL--NOMBRE DE PERSONA | |
| Nombre de persona | Pidal y Mon, Alejandro, |
| Fechas asociadas al nombre | 1846-1913 |
| 9 (RLIN) | 91890 |
| 245 13 - MENCIÓN DEL TÍTULO | |
| Título | El retrato de Cervantes : |
| Resto del título | conferencia de Don Alejandro Pidal y Mon en la Asociación de la Prensa el 15 de enero de 1912. |
| 250 ## - MENCION DE EDICION | |
| Mención de edición | Nueva ed. publ. por la Real Academia Española. |
| 260 ## - PUBLICACIÓN, DISTRIBUCIÓN, ETC. | |
| Lugar de publicación, distribución, etc. | Madrid : |
| Nombre del editor, distribuidor, etc. | [Real Academia Española], |
| Fecha de publicación, distribución, etc. | 1912 ( |
| Fabricante | Tip. de Prudencio P. de Velasco) |
| 300 ## - DESCRIPCIÓN FÍSICA | |
| Extensión | 53 p. : |
| Otras características físicas | 1 retr. ; |
| Dimensiones | 28 cm. |
| 530 ## - NOTA DISPONIBLE DE FORMULARIO FÍSICO ADICIONAL | |
| Nota de formato físico adicional disponible | Disponible en formato digital. |
| 600 17 - PUNTO DE ACCESO ADICIONAL DE MATERIA--NOMBRE DE PERSONA | |
| Nombre de persona | Jáuregui, Juan de, |
| Fechas asociadas al nombre | 1583-1641. |
| Título de la obra | [Retrato de Miguel de Cervantes Saavedra] |
| Fuente del encabezamiento o término | |
| 9 (RLIN) | 161584 |
| 600 17 - PUNTO DE ACCESO ADICIONAL DE MATERIA--NOMBRE DE PERSONA | |
| Nombre de persona | Cervantes Saavedra, Miguel de, |
| Fechas asociadas al nombre | 1547-1616- |
| Subdivisión general | Retratos |
| Fuente del encabezamiento o término | |
| 9 (RLIN) | 161583 |
| 710 2# - ENTRADA AGREGADA--NOMBRE DE ENTIDAD CORPORATIVA | |
| Nombre de entidad corporativa o nombre de jurisdicción como elemento de entrada | Asociación de la Prensa de Madrid |
| 9 (RLIN) | 1608 |
| 710 2# - ENTRADA AGREGADA--NOMBRE DE ENTIDAD CORPORATIVA | |
| Nombre de entidad corporativa o nombre de jurisdicción como elemento de entrada | Real Academia Española |
| 9 (RLIN) | 6336 |
| 852 4# - LOCALIZACIÓN | |
| Ubicación | ES-MaACL |
| Número de control de estantería | T-1259-F-8 |
| 856 ## - LOCALIZACIÓN Y ACCESO ELECTRÓNICOS | |
| Identificador Uniforme de Recursos | <a href="https://archive.org/details/elretratodecerva00pida ">https://archive.org/details/elretratodecerva00pida </a> |
| Nota pública | Internet Archive |
| Estatus retirado | Estado de pérdida | Estado de daño | No para préstamo | Colección | Biblioteca de origen | Biblioteca actual | Ubicación en estantería | Fecha de adquisición | Fuente de adquisición | Total de préstamos | Signatura topográfica completa | Código de barras | Visto por última vez | Precio de reemplazo | Tipo de ítem Koha |
|---|---|---|---|---|---|---|---|---|---|---|---|---|---|---|---|
| Colección de folletos | Biblioteca del Ateneo de Madrid | Biblioteca del Ateneo de Madrid | Depósito folletos | 17/01/2008 | T-1259-F-8 | 1124363 | 23/02/2023 | 23/02/2023 | Folleto |
